[Event "Colombo Golden Jubilee op"]
[Site "Colombo"]
[Date "2022.11.24"]
[Round "3"]
[White "Kottage, KM Nilash Nethul"]
[Black "Mithun, Pranav"]
[Result "1/2-1/2"]
[WhiteElo "1217"]
[BlackElo "1234"]
[PlyCount "87"]
[EventDate "2022.11.23"]
[EventType "swiss"]
[EventRounds "9"]
[EventCountry "SRI"]
[SourceTitle "CBM 211 Extra"]
[Source "ChessBase"]
[SourceDate "2023.01.31"]
[SourceVersion "1"]
[SourceVersionDate "2023.01.31"]
[SourceQuality "1"]

1. c4 e6 2. e3 d5 3. cxd5 exd5 4. Ne2 Nf6 5. g3 Bc5 6. d4 Bb4+ 7. Bd2 Bxd2+ 8. Nxd2 Bf5 9. Bg2 0-0 10. 0-0 Nc6 11. a3 a5 12. Nc3 Qd7 13. Qb3 Rfd8 14. Na4 b6 15. Rac1 Ne7 16. Nf3 Ng6 17. Nc3 Ne4 18. Nxe4 Bxe4 19. Qc3 Rac8 20. Nd2 Bxg2 21. Kxg2 c5 22. dxc5 Rxc5 23. Qd4 Qc7 24. Rxc5 bxc5 25. Qc3 d4 26. exd4 Qb7+ 27. Kg1 cxd4 28. Qxa5 Ra8 29. Qb4 Qxb4 30. axb4 Rb8 31. Rc1 Rxb4 32. Rc8+ Nf8 33. b3 f6 34. Rc4 Rxc4 35. bxc4 Ne6 36. Kg2 Kf7 37. Kf3 Ke7 38. Ke4 Kd6 39. f4 Kc5 40. h4 g6 41. g4 Kb4 42. f5 gxf5+ 43. gxf5 Ng7 44. Nf3 1/2-1/2